Měkkýši ŠPR Borišov

Bibliographic Details
Main Author: Ložek, Vojen, 1925-2020 (Author)
Format: Article
Language:Slovak
Czech
PhysicalDescription:Obr., tab.
ISBN:8096762737
Subjects:

MARC

LEADER 00000nab a2200000 a 4500
001 vtls000871030
003 SK-MaSNL
005 20260304112220.0
008 250429c1998 xo 0 slo
015 |a SNBRA2004/04-13454 
035 |a CLN000222582 
035 |a urn:nbn:sk:snk-abafhs 
035 |a (urnnbn)urn:nbn:sk:snk:ar-007ohb 
035 |a (uuid)f509f417-8c4b-494c-86d3-d72e4490872d 
040 |a SNKBUCL  |b slo  |c SNKBUCL  |e AACR2 
041 0 |a cze 
044 |a xo  |c SK 
080 |a 594:502.4(437.6)  |2 1997 
080 |a 502.4(437.6)  |2 1997 
100 1 |a Ložek, Vojen,  |d 1925-2020  |4 aut  |9 28072 
245 1 0 |a Měkkýši ŠPR Borišov  |c Vojen Ložek 
300 |b Obr., tab. 
504 |a Bibliogr. odkazy 
650 0 7 |a mäkkýše  |2 snkbucl  |9 18799 
651 7 |a Štátna prírodná rezervácia Borišov (Slovensko)  |2 snkbucl  |9 27357 
655 7 |a štúdie  |2 snkbucl  |9 57033 
773 0 |t Naturae tutela 3/1995  |d Liptovský Mikuláš : Slovenské múzeum ochrany prírody a jaskyniarstva, 1998  |g S. 201-211  |z 8096762737 
850 |a Slovenská národná knižnica 
852 |a Slovenská národná knižnica 
954 |a odborná, vedecká literatúra cudzojazyčná (svetová)  |2 lita 
958 |a article14 
958 |a NB 
958 |a OND 
958 |a EUIPO 
999 |c 2864716  |d 2866646